Music Quiz

Random Music or Kpop Quiz

A-Z kpop idols (male) A-Z (female) and A-Z kpop songs Quiz Stats

 Plays Quiz not verified by Sporcle

Score 0/74 Timer 20:00
0 Plays Today
% Correct
Daesung
88.9%
Xiumin
87.7%
Vernon
84.2%
Kokobop
84.2%
Jisoo
80.9%
Rap monster
80.8%
Youngjae
77.4%
Dahyun
77.3%
Taeyeon
77.3%
Girls girls girls
76%
Irene
75.7%
Leo
74.9%
Really really
74.8%
As if it's your last
74.3%
Electric shock
72.9%
Oh na na
72.9%
Just one day
72.4%
Wendy
72.2%
Limitless
71.2%
Minhyuk
70.3%
Ailee
70.3%
Zelo
70%
Catch me if you can
69.3%
Ice cream cake
68.9%
Sungjae
67.7%
Yuju
63.1%
Luna
62.4%
Fei
61.6%
Bora
61.2%
Victoria
60.9%
Gain
60%
Haechan
56.9%
Hyeri
56.5%
Ukwon
55.5%
Nichkhun
54%
Minah
53.9%
Stuck
53.4%
% Correct
Qri
53%
Fanfare
50.8%
Uee
50.4%
Monster
49.1%
Gongchan
45.2%
Wake me up
43.5%
Raina
41.9%
Chansung
41.1%
Eli
40.7%
Kahi
39.6%
Inseong
39.1%
Bounce
38.7%
Chanmi
38%
Jinjin
34.1%
Kid monster
33.2%
Ninano
32.7%
You were beautiful
32.3%
Takuya
31.8%
Nara
31.4%
U&I
30.6%
Benji
29.6%
Andy
29.3%
Wei
27.9%
P-goon
27.3%
Venus
20.8%
Quit playing
19.6%
Zombie party
19.6%
Sojin
18.4%
Zuny
17.8%
Pippi
17.7%
E-young
13.7%
Ooon
13.5%
Domino game
10.9%
Fie
9.7%
Tarantallegra
6.6%
Q.L
5%
Hotter than a summer
4.3%

You're not logged in!

Compare scores with friends on all Sporcle quizzes.
OR
Log In

Sporcle TV

Today on Sporcle TV


Watch our educational content, quiz creation guides, and fun videos on Sporcle TV.

Show Comments

Extras

Top Quizzes Today


Score Distribution

Your Account Isn't Verified!

In order to create a playlist on Sporcle, you need to verify the email address you used during registration. Go to your Sporcle Settings to finish the process.

Report this User

Report this user for behavior that violates our Community Guidelines.

Details: